Miasta w województwie świętokrzyskim - Statystyki

Ogólne statystyki
  • Ten quiz został rozwiązany 61 razy
  • Średni wynik to 5 z 7
Statystyki odpowiedzi
Miasto Liczba ludności % Poprawnych
Kielce 183 885
100%
Ostrowiec Świętokrzyski 62 980
83%
Starachowice 44 992
78%
Sandomierz 21 586
76%
Skarżysko-Kamienna 41 793
72%
Końskie 17 629
61%
Busko-Zdrój 14 588
56%
Nie znaleziono quizów pasujących do podanych kryteriów
Rozkład punktacji
Procent ludzi z każdym wynikiem
Percentyl według liczby udzielonych odpowiedzi
Twoja historia wyników
Nie rozwiązałeś tego quizu